biggest city in each belgian province - Statistics

General Stats
  • This quiz has been taken 32 times
  • The average score is 6 of 10
Answer Stats
Hint Answer % Correct
Antwerpen. Antwerp
100%
Oost-Vlaanderen. Gent
80%
West-Vlaanderen. Brugge
73%
Luik. Luik
67%
Vlaams-Brabant. Leuven
63%
Namen. Namen
57%
Limburg. Hasselt
53%
Luxemburg. Aarlen
40%
Henegouwen. Bergen
40%
Waals-Brabant. Waver
37%
No matching quizzes found
Score Distribution
Percent of People with Each Score
Percentile by Number Answered
Your Score History
You have not taken this quiz